Представление документа в формате RUSMARC

ПолеНазваниеЗначение
  Тип записи a
  Библиографический уровень m
001 Контрольный номер ee4ed5daf9274048b4a391a6277d7b30
005 Дата корректировки 20250528124520.5
010 Индекс ISBN __
a ISBN 978-5-04-160667-1
d Цена 696-02
100 Данные общей обработки __
a Данные общей обработки 20250528d2023####am#y0rusy50######ca
101 Язык документа 0_
a Язык текста rus
c Язык оригинала eng
102 Страна публикации __
a Страна публикации RU
200 Заглавие и сведения об ответственности 1_
a Заглавие Восстановление щитовидной железы
e Сведения, относящиеся к заглавию как взять под контроль гипотиреоз, тиреотоксикоз и АИТ Хашимото
f Первые сведения об ответственности Эми Майерс
g Последующие сведения об ответственности перевод с английского А. А. Швеца
210 Выходные данные 1_
a Место издания Москва
c Издательство Эксмо
c Издательство Бомбора
d Дата издания 2023
215 Физическое описание __
a Объем 447 с.
c Иллюстрации/тип воспроизводства ил.
225 Серия (Журнальная рубрика) 2_
a Серия (Журнальная рубрика) Иммунитет: игра против своих. Глобальные мировые открытия об аутоиммунных заболеваниях
320 Библиография __
a Библиография Предметный указатель: с. 438-447
330 Аннотация __
a Аннотация Книга поможет разобраться в широком спектре проблем щитовидной железы, провести самодиагностику и сдать верные анализы для принятия последующего ответственного решения относительно своего здоровья.
333 Примечание о целевом назначении __
a Примечание о целевом назначении 12+
606 Тематические рубрики __
a Основная рубрика Здравоохранение. Медицинские науки
606 Тематические рубрики __
a Основная рубрика Болезни эндокринной системы
610 Ключевые слова 0_
a Ключевые слова щитовидная железа
a Ключевые слова болезни щитовидной железы
a Ключевые слова восстановление щитовидной железы
a Ключевые слова авторские методики
a Ключевые слова иммунопрофилактика
a Ключевые слова профилактика заболеваний
a Ключевые слова аутоиммунные заболевания
a Ключевые слова правильное питание
a Ключевые слова рецепты блюд
686 Индексы других классификаций __
a Индекс ББК 54.15
700 Автор _1
a Фамилия Майерс
b Имя Э.
g Полное личное имя Эми
4 Код отношения 070
702 Вторичная интеллектуальная ответственность _1
a Фамилия Швец
b Имя А. А.
4 Код отношения 730
801 Источник записи _0
a Страна RU
b Организация Центральная районная библиотека им. Г. А. Пирожникова
c Дата составления 20250528
g Правила каталогизации bzbo
801 Источник записи _1
a Страна RU
b Организация Центральная районная библиотека им. Г. А. Пирожникова
c Дата составления 20250528
g Правила каталогизации bzbo
852 Данные о местонахождении __
j Шифр хранения 54.15
i Авторский знак М 14
901 Тип документа __
t Тип документа m
902 Роль лиц __
a Создатель БЗ ОКиО/Шумских